00525 2200205 4500245006400000020002200064250001100086100001200097700001800109700001100127650001600138005001900154260005700173041001400230084000800244300002700252336000900279337001000288338002100298 aInformatika untuk SMK/MAK Kelas X Semester 1cKusmadihText a978-623-388-010-7 aCet. 1 aKusmadi aImam Badrudin aDrajat aInformatika a20230616072243 aJakartabKementerian Pendidikan dan Kebudayaanc2022 aIndonesia a004 axviii, 230 hlm. :cPDF atext aother aother (computer)